Lengua : segundo ciclo egb :

Guardado en:
Autor Principal: Amado de Nieva, Elba R.
Otros Autores: Cortés, Marina, Gaspar, María del Pilar, González, Silvia M., Latronche, María Isabel, Masine, Beatriz, Yepes, Silvia
Formato: Libro
Publicado: Buenos Aires : Ministerio de Educacion y Cultura Ciencia y Tecnología, 2007
Series:Cuadernos para el aula
Materias:
Nap
Etiquetas: Agregar Etiqueta
Sin Etiquetas, Sea el primero en etiquetar este registro!
LEADER 01308nam a22003375a 4500
001 CEM.cems013336
005 20100427095436.0
008 130507s2007##################000#0#####d
003 CEMS
020 |a 9789500005807 
082 0 4 |a 372.6 
100 1 |a Amado de Nieva, Elba R. 
245 1 0 |a Lengua :  |b segundo ciclo egb :  |c Elba R. Amado de Nieva ... [et Al.] 
260 |a Buenos Aires :  |b Ministerio de Educacion y Cultura Ciencia y Tecnología,  |c 2007 
300 |a 218 p. 
490 0 |a Cuadernos para el aula 
500 |a Núcleos de aprendizajes prioritarios 
505 0 |a Enseñar lengua en el Segundo Ciclo -- Comprensión y producción oral -- Lectura y producción escrita -- Cuadernillo Los periódicos -- Literatura -- Reflexión sobre la lengua (sistema, norma y uso) y los textos -- El diálogo siempre abierto 
653 |a Educación 
653 |a Lengua-egb 
653 |a Nap 
653 |a Lengua-nap 
653 |a Núcleos de aprendizaje prioritarios 
653 |a Lengua-núcleos de aprendizaje prioritarios 
700 1 |a Cortés, Marina 
700 1 |a Gaspar, María del Pilar 
700 1 |a González, Silvia M. 
700 1 |a Latronche, María Isabel 
700 1 |a Masine, Beatriz 
700 1 |a Yepes, Silvia 
859 |a CEMS  |b BIB. CEMS - 11 de abril  |h 372.6  |i Am12  |p 25834.10  |t Ej.1  |v 5  |3 5